les 156 pokémon de la cinquième génération - Statistiques

Statistiques générales
  • Ce quiz a été pris 107 fois
  • Le résultat moyen est 119 sur 156
Statistiques - réponses
# Nom % Correct
005 grotichon
100%
003 majaspic
100%
149 reshiram
100%
006 roitiflam
100%
001 vipélierre
100%
150 zekrom
100%
009 clamiral
97%
027 déflaisan
97%
004 gruikui
97%
000 victini
97%
152 kyurem
95%
002 lianaja
95%
008 mateloutre
95%
025 poichigeon
95%
010 ratentif
95%
017 feuillajou
92%
018 feuilloutan
92%
019 flamajou
92%
020 flamoutan
92%
021 flotajou
92%
022 flotoutan
92%
148 fulguris
92%
007 moustillon
92%
023 munna
92%
013 ponchien
92%
012 ponchiot
92%
147 boréas
90%
144 cobaltium
90%
026 colombeau
90%
014 mastouffe
90%
011 miradar
90%
145 terrakium
90%
040 bétochef
87%
116 coupenotte
87%
059 crocorible
87%
093 emolga
87%
057 mascaïman
87%
036 minotaupe
87%
035 rototaupe
87%
118 tranchodon
87%
146 viridium
87%
028 zébibron
87%
038 charpenti
85%
151 démétéros
85%
058 escroco
85%
113 funécire
85%
044 judokrak
85%
045 karaclée
85%
115 lugulabre
85%
154 meloetta
85%
024 mushana
85%
039 ouvrifier
85%
090 sorbouboul
85%
089 sorboul
85%
029 zéblitz
85%
108 anchwatt
82%
153 keldéo
82%
048 manternel
82%
050 scobolide
82%
088 sorbébé
82%
049 venipatte
82%
077 zoroark
82%
076 zorua
82%
015 chacripan
79%
047 couverdure
79%
061 darumacho
79%
117 incisache
79%
016 leopardus
79%
143 pyrax
79%
051 brutapode
77%
033 chovsourir
77%
106 clic
77%
107 cliticlic
77%
060 darumarond
77%
032 gigalithe
77%
087 lakmécygne
77%
046 larveyette
77%
102 mygavolt
77%
083 nucléos
77%
120 polagriffe
77%
119 polarhume
77%
101 statitik
77%
085 symbios
77%
086 couaneton
74%
127 drakkarmin
74%
155 genesect
74%
109 lampéroie
74%
110 ohmassacre
74%
130 scalpion
74%
131 scalproie
74%
105 tic
74%
072 arkéapti
72%
065 baggiguane
72%
043 crapustule
72%
132 frison
72%
092 haydaim
72%
095 lançargot
72%
123 limaspeed
72%
071 megapagos
72%
084 méios
72%
030 nodulithe
72%
034 rhinolove
72%
080 scrutella
72%
066 baggaïd
69%
042 batracné
69%
067 cryptéro
69%
122 escargaume
69%
138 fermite
69%
121 hexagel
69%
114 mélancolux
69%
037 nanméouïe
69%
141 trioxhydre
69%
041 tritonde
69%
073 aéroptéryx
67%
070 carapagos
67%
054 chlorobule
67%
031 géolithe
67%
129 golemastoc
67%
079 pashmilla
67%
082 sidérella
67%
068 tutafeh
67%
137 aflamanoir
64%
056 bargantua
64%
052 doudouvet
64%
055 fragilady
64%
128 gringolem
64%
134 gueriaigle
64%
062 maracachi
64%
074 miamiasme
64%
075 miasmax
64%
139 solochi
64%
069 tutankafer
64%
098 viskuse
64%
091 vivaldaim
64%
064 crabaraque
62%
063 crabicoque
62%
140 diamat
62%
133 furaiglon
62%
125 kungfouine
62%
081 mesmérella
62%
126 shaofouine
62%
135 vostourno
62%
094 carabing
59%
078 chinchidou
59%
100 mamanbo
59%
099 moyade
59%
104 noacier
59%
053 farfaduvet
56%
103 grindur
56%
124 limonde
56%
136 vaututrice
56%
096 trompignon
54%
097 gaulet
49%
111 lewsor
46%
112 neitram
44%
142 pryonille
10%
Aucun quiz correspondant
Distribution des résultats
% des personnes avec chaque résultat
Percentile par nombre de réponses
Votre historique - résultats
Vous n’avez pas pris ce quiz